Os 15 principais países afetados pela Covid-19 - 28 de maio - Statistics

Estatísticas Gerais
  • Esse quiz foi jogado 5 vezes
  • A pontuação média é 13 de 25
Estatísticas das Respostas
país % Correto
Brasil
100%
Canadá
100%
China
100%
Espanha
100%
Estados Unidos
100%
Índia
100%
Rússia
100%
Alemanha
80%
França
80%
Itália
80%
Reino Unido
60%
Irão
40%
Peru
40%
Turquia
40%
Bélgica
20%
Bielorrússia
20%
Chile
20%
Chile
20%
Irlanda
20%
Suécia
20%
Suíça
20%
Bahrein
0%
Catar
0%
Kuweit
0%
Singapura
0%
Nenhum quiz correspondente encontrado
Distribuição das Pontuações
Porcentagem de Pessoas com Cada Pontuação
Percentil de Números Respondidos
Sua Pontuação Histórica
Você não jogou esse quiz